<?xml version="1.0" encoding="UTF-8"?>
<collection xmlns="http://www.loc.gov/MARC21/slim">
<record>
  <controlfield tag="000">01785ckm\a2200409Ki\4500</controlfield>
  <controlfield tag="001">253741</controlfield>
  <controlfield tag="005">20251009104811.0</controlfield>
  <controlfield tag="007">kh\bo</controlfield>
  <controlfield tag="008">200908q18801930caun\n\\\\\\\\\\\\kneng\d</controlfield>
  <datafield tag="029" ind1="1" ind2=" ">
    <subfield code="a">UXG</subfield>
    <subfield code="c">/p252501coll1</subfield>
    <subfield code="t">CNTNT</subfield>
  </datafield>
  <datafield tag="035" ind1=" " ind2=" ">
    <subfield code="a">433655418</subfield>
  </datafield>
  <datafield tag="035" ind1=" " ind2=" ">
    <subfield code="a">(DFoPcSh)00220181</subfield>
  </datafield>
  <datafield tag="035" ind1=" " ind2=" ">
    <subfield code="a">240830</subfield>
  </datafield>
  <datafield tag="040" ind1=" " ind2=" ">
    <subfield code="a">DFo/CaBNvSL/CaBNvSL</subfield>
    <subfield code="c">UXG</subfield>
    <subfield code="e">gihc</subfield>
    <subfield code="d">UXG</subfield>
    <subfield code="d">UtOrBLW</subfield>
  </datafield>
  <datafield tag="049" ind1=" " ind2=" ">
    <subfield code="a">UXGA</subfield>
  </datafield>
  <datafield tag="100" ind1="1" ind2=" ">
    <subfield code="a">Alisky,</subfield>
    <subfield code="e">photographer.</subfield>
  </datafield>
  <datafield tag="245" ind1="1" ind2="0">
    <subfield code="a">Florence Stone as "Cleopatra" [in Shakespeare's Antony and Cleopatra]</subfield>
    <subfield code="h">[graphic] /</subfield>
    <subfield code="c">Alisky.</subfield>
  </datafield>
  <datafield tag="260" ind1=" " ind2=" ">
    <subfield code="a">San Francisco, CA :</subfield>
    <subfield code="b">[s.n.],</subfield>
    <subfield code="c">[late 19th or early 20th cent.]</subfield>
  </datafield>
  <datafield tag="300" ind1=" " ind2=" ">
    <subfield code="a">1 photograph ;</subfield>
    <subfield code="c">5 1/4 x 7 1/2 in.</subfield>
  </datafield>
  <datafield tag="336" ind1=" " ind2=" ">
    <subfield code="a">still image</subfield>
    <subfield code="b">sti</subfield>
    <subfield code="2">rdacontent</subfield>
  </datafield>
  <datafield tag="337" ind1=" " ind2=" ">
    <subfield code="a">unmediated</subfield>
    <subfield code="b">n</subfield>
    <subfield code="2">rdamedia</subfield>
  </datafield>
  <datafield tag="340" ind1=" " ind2=" ">
    <subfield code="a">paper</subfield>
    <subfield code="2">rdamat</subfield>
  </datafield>
  <datafield tag="340" ind1=" " ind2=" ">
    <subfield code="g">monochrome</subfield>
    <subfield code="2">rdacc</subfield>
  </datafield>
  <datafield tag="500" ind1=" " ind2=" ">
    <subfield code="a">This record contains unverified data from old cards and may contain incorrect or incomplete text. Please consult Curator for assistance.</subfield>
  </datafield>
  <datafield tag="530" ind1=" " ind2=" ">
    <subfield code="a">Also available as a digital reproduction.</subfield>
  </datafield>
  <datafield tag="600" ind1="0" ind2="0">
    <subfield code="a">Cleopatra,</subfield>
    <subfield code="c">Queen of Egypt,</subfield>
    <subfield code="d">-30 B.C.</subfield>
    <subfield code="0">n  80067160</subfield>
    <subfield code="x">In literature,</subfield>
    <subfield code="0">sh2002011414,</subfield>
    <subfield code="e">depicted.</subfield>
  </datafield>
  <datafield tag="600" ind1="1" ind2="0">
    <subfield code="a">Stone, Florence</subfield>
    <subfield code="x">Performances,</subfield>
    <subfield code="e">depicted.</subfield>
  </datafield>
  <datafield tag="600" ind1="1" ind2="0">
    <subfield code="a">Stone, Florence,</subfield>
    <subfield code="e">depicted.</subfield>
  </datafield>
  <datafield tag="600" ind1="1" ind2="0">
    <subfield code="a">Shakespeare, William,</subfield>
    <subfield code="d">1564-1616.</subfield>
    <subfield code="t">Antony and Cleopatra,</subfield>
    <subfield code="0">n  82052025,</subfield>
    <subfield code="e">depicted.</subfield>
  </datafield>
  <datafield tag="600" ind1="1" ind2="0">
    <subfield code="a">Shakespeare, William,</subfield>
    <subfield code="d">1564-1616</subfield>
    <subfield code="x">Characters</subfield>
    <subfield code="0">sh 85120865</subfield>
    <subfield code="x">Cleopatra,</subfield>
    <subfield code="e">depicted.</subfield>
  </datafield>
  <datafield tag="650" ind1=" " ind2="0">
    <subfield code="a">Actors</subfield>
    <subfield code="0">sh 85000744</subfield>
    <subfield code="y">19th century,</subfield>
    <subfield code="e">depicted.</subfield>
  </datafield>
  <datafield tag="650" ind1=" " ind2="0">
    <subfield code="a">Actors</subfield>
    <subfield code="0">sh 85000744</subfield>
    <subfield code="y">20th century,</subfield>
    <subfield code="e">depicted.</subfield>
  </datafield>
  <datafield tag="655" ind1=" " ind2="7">
    <subfield code="a">Portraits</subfield>
    <subfield code="0">tgm008085g</subfield>
    <subfield code="x">Female.</subfield>
    <subfield code="2">gmgpc</subfield>
  </datafield>
  <datafield tag="655" ind1=" " ind2="7">
    <subfield code="a">Photographs.</subfield>
    <subfield code="0">tgm007721g</subfield>
    <subfield code="2">gmgpc</subfield>
  </datafield>
  <datafield tag="752" ind1=" " ind2=" ">
    <subfield code="a">United States</subfield>
    <subfield code="b">California</subfield>
    <subfield code="d">San Francisco.</subfield>
  </datafield>
  <datafield tag="852" ind1="8" ind2=" ">
    <subfield code="a">US-DFo</subfield>
    <subfield code="b">DeckB-Art</subfield>
    <subfield code="h">ART File S877 no.1 PHOTO</subfield>
    <subfield code="m">(size XS)</subfield>
    <subfield code="x">CIN=mc PDI rootfile 024330</subfield>
    <subfield code="7">331615</subfield>
    <subfield code="j">cs1280</subfield>
  </datafield>
  <datafield tag="856" ind1="4" ind2="1">
    <subfield code="u">https://digitalcollections.folger.edu/img24330</subfield>
    <subfield code="z">Digital image(s) of Folger Shakespeare Library ART File S877 no.1 PHOTO</subfield>
  </datafield>
  <datafield tag="909" ind1="C" ind2="O">
    <subfield code="o">oai:catalog.folger.edu:253741</subfield>
    <subfield code="p">GLOBAL_SET</subfield>
  </datafield>
  <datafield tag="980" ind1=" " ind2=" ">
    <subfield code="a">BIB</subfield>
  </datafield>
  <datafield tag="983" ind1=" " ind2=" ">
    <subfield code="a">Vault</subfield>
  </datafield>
  <datafield tag="983" ind1=" " ind2=" ">
    <subfield code="a">Online</subfield>
  </datafield>
</record>
</collection>